000 01169cam a2200337 i 4500
999 _c1094
_d1094
001 20042211
003 OSt
005 20210531151242.0
008 170929s2018 nyu d 000 1 eng
010 _a 2017037621
020 _a9780525577966 (paperback)
040 _aDLC
_beng
_cDLC
_erda
_dDLC
_dKH8
042 _alcac
_apcc
082 0 0 _aFIC WHI
_223
100 1 _aWhite, Kiersten,
_eauthor.
245 1 4 _aThe dark descent of Elizabeth Frankenstein /
_cKiersten White.
250 _aFirst Edition.
264 1 _aNew York :
_bDelacorte Press,
_c[2018]
300 _a292 pages ;
_c24 cm
336 _atext
_btxt
_2rdacontent
337 _aunmediated
_bn
_2rdamedia
338 _avolume
_bnc
_2rdacarrier
520 _aThe events of Mary Shelley's Frankenstein unfold from the perspective of Elizabeth Lavenza, who is adopted as a child by the Frankensteins as a companion for their volatile son Victor.
650 1 _aCharacters in literature
_vFiction.
650 1 _aMonsters
_vFiction.
650 1 _aScientists
_vFiction.
650 1 _aMurder
_vFiction.
650 1 _aHorror stories.
906 _a7
_bcbc
_corignew
_d1
_eecip
_f20
_gy-gencatlg
942 _2ddc
_cFIC